| 000 | 00510nam a2200181 i 4500 | ||
|---|---|---|---|
| 001 | 28561 | ||
| 003 | ES-MaACL | ||
| 005 | 20240320062604.0 | ||
| 007 | t| | ||
| 008 | 030117s1912 sp ||||1| spa d | ||
| 100 | 0 |
_aAzorín, _d1873-1967 _924326 |
|
| 245 | 1 | 3 |
_aLa ruta de Don Quijote / _cAzorín. |
| 250 | _a2ª ed. ilustrada. | ||
| 260 |
_aMadrid : _b[s.n., _c1912] ( _fTipografía de la Revista de Archivos) |
||
| 300 |
_a203 p., 32 lám. ; _c19 cm. |
||
| 852 |
_aES-MaACL _jB-4178 |
||
| 999 |
_c28561 _d28561 |
||